Регионална библиотека "Любен Каравелов" - Русе

Всемирная история (Запис номер 101532)

MARC детайли
000 -Лидер
Контролно поле с фиксирана дължина 02109nam a2200529 c 4500
003 - Код на организацията, давaща контролен номер
Контролно поле BLK
005 - Дата и час на последна редакция
Контролно поле 20180420230109.0
008 - Елементи от данни с фиксирана дължина
fixed length control field 180409b bul|||||r ||||||| ||bul||
010 ## - Наследен системен номер
LC control number KNG00106582000
020 ## - Международен стандартен номер на книга ISBN
Международен стандартен номер на книга ISBN 5-17-010289-5
-- издат.: АСТ
020 ## - Международен стандартен номер на книга ISBN
Международен стандартен номер на книга ISBN 985-13-0828-5
-- издат.: Харвест
020 ## - Международен стандартен номер на книга ISBN
Международен стандартен номер на книга ISBN 985-13-1046-8
-- издат.: Харвест - на том(т. 6)
040 ## - Източник на каталожния запис
Идентификатор на билиотеката - собственик на записа BLK
041 ## - Код за език
Код за езика на текст/звукозапис или на отделно заглавие Руски
Код за езика КДБФ Руски
080 ## - УДК
Текстов определител УДК Обща световна история. История на света
УДК код - определител по УДК 930.9
УДК определител
УДК - код + определител 930.9
080 ## - УДК
Текстов определител УДК Стара и антична история (общо)
УДК код - определител по УДК 931/939
УДК определител
УДК - код + определител 931/939
100 1# - Редна дума - Автор
Автор Бадак, Александр Николаевич
Авторска отговорност първи автор
R(LIN) 35166
139 ## - Редно поле
Редна дума Всемирная история
Авторски знак Вс - В 88
245 10 - Сведения за заглавието
Заглавие Всемирная история
Подзаглавни данни Т. 1 -
Редно поле (дума) Александр Николаевич Бадак.
Том Т. 6
Заглавие на том Римский период
257 ## - Страна на издаване
Страна на създаване/издаване Белорусия
-- Русия
260 ## - Област на издателските данни
-- Москва ; Минск
Име на издателя, разпространителя и проч. АСТ
-- Харвест
Година на издаване 2000 -
Печатница Минск : Белорус. Дом печати
300 ## - Физическа характеристика
Размери/Мащаб 21 см
380 ## - Жанр
Жанр История
500 ## - Общи забележки
Забележка Офс. изд.
650 #4 - Допълнително описание по предмет – тема
Основно описание – тема или топоним История, световна
9 (RLIN) 261939
650 #4 - Допълнително описание по предмет – тема
Основно описание – тема или топоним Древен свят - история
9 (RLIN) 243364
650 #4 - Допълнително описание по предмет – тема
Основно описание – тема или топоним Рим [държ.]
9 (RLIN) 269409
653 ## - Ключова дума – ненормативна
Ключова дума световна история
653 ## - Ключова дума – ненормативна
Ключова дума древен свят
653 ## - Ключова дума – ненормативна
Ключова дума Древен Рим
653 ## - Ключова дума – ненормативна
Ключова дума Древен Изток
653 ## - Ключова дума – ненормативна
Ключова дума Европа
653 ## - Ключова дума – ненормативна
Ключова дума номадски племена
653 ## - Ключова дума – ненормативна
Ключова дума християнство
653 ## - Ключова дума – ненормативна
Ключова дума Кушанско царство
653 ## - Ключова дума – ненормативна
Ключова дума Армения
653 ## - Ключова дума – ненормативна
Ключова дума славянски народи
653 ## - Ключова дума – ненормативна
Ключова дума Иран
653 ## - Ключова дума – ненормативна
Ключова дума древни цивилизации
653 ## - Ключова дума – ненормативна
Ключова дума древни народи
760 1# - Описание на основната серия
-- - на том(т. 6)
Редна дума на основното описание Бадак, Александр Николаевич
Място на издаване, издател и година Харвест, 2002
Страници - том 512 с.
Забележка - том 5 100 тир.
Заглавие Т. 6 Римский период
852 ## - Местоположение
Форматна сигнатура Цб 215111
856 4# - Електронен адрес и достъп
Електронен формат pdf - файл
Път до файла /url/
856 4# - Електронен адрес и достъп
Електронен формат pdf - файл
Път до файла /url/
942 ## - АРТИКУЛИ
Вид на библиотечния материал Книги
Скрит в OPAC Не
944 ## - СЪЗДАВАНЕ И РЕДАКЦИЯ на ЗАПИСА
Създаване/Редакция Създаване
Дата на регистрацията/редакция 01.01.2002
Служител, извършил регистрацията/редакцията
944 ## - СЪЗДАВАНЕ И РЕДАКЦИЯ на ЗАПИСА
Създаване/Редакция Редакция
Дата на регистрацията/редакция 23.06.2003
Служител, извършил регистрацията/редакцията
999 ## - СИСТЕМНИ КОНТРОЛНИ НОМЕРА
Koha biblionumber 101532
Koha biblioitemnumber 101532
Наличности
Код за отписване Код за изгубен артикул Източник на класификационната схема Код за повреда Коз за рестрикции Код за отдаване Артикулен № Име на библиотеката - собственик Име на библиотеката, в която се намира в момента Статус (Текущо местоположение) Дата на вписване в системата Местоположение - отдел Цена в лева Инвентарен номер Систематично азбучна сигнатура Баркод Номер на екземпляра Цена в евро Служебна бележка Служебен тип на артикула
  Не е изгубен Universal Decimal Classification Не е повреден без рестрикции ползва се в читалня 163530 Регионална библиотека "Любен Каравелов" Русе Регионална библиотека "Любен Каравелов" Русе Читалня 2003-06-12 Читалня 2.35 120000676714 Ч 93/94/В 88 120000676714 1 1.20 Дост: DA Вид: А N: 17 Дата: 10.06.2003 Дата инв: 28.03.2017 Бележки инв: Ч2017 Книги
Vip Innovations Ltd, Rousse, Bulgaria 2025